|
|
|
|
| LEADER |
00000nab a2200000 a 4500 |
| 001 |
vtls000672909 |
| 003 |
SK-MaSNL |
| 005 |
20260318122339.0 |
| 008 |
040806c1998 xo 0 hun |
| 015 |
|
|
|a SNBRA1998/09-23528
|
| 035 |
|
|
|a CLN000025085
|
| 040 |
|
|
|a SNKBUCL
|b slo
|c SNKBUCL
|e AACR2
|
| 041 |
0 |
|
|a slo
|
| 044 |
|
|
|a xo
|c SK
|
| 080 |
|
|
|a 82:929:894.511
|2 UDC-MRF-SK2
|
| 080 |
|
|
|a 894.511:929
|2 UDC-MRF-SK2
|
| 080 |
|
|
|a 929 Madách, Imre
|2 UDC-MRF-SK2
|
| 100 |
1 |
|
|a Puntigán, József,
|d 1958-
|4 aut
|9 98944
|
| 245 |
1 |
0 |
|a Madách Imre és Losonc
|c Puntigán József
|
| 600 |
1 |
7 |
|a Madách, Imre,
|d 1823-1864
|2 snkbucl
|9 208213
|
| 651 |
|
7 |
|a Lučenec (Slovensko)
|2 snkbucl
|9 29545
|
| 655 |
|
7 |
|a články z novín a časopisov
|2 snkbucl
|9 267496
|
| 773 |
0 |
|
|t Vasárnap
|g Roč. 31, č. 39 (1998), s. 8-9
|
| 850 |
|
|
|a Slovenská národná knižnica v Martine
|
| 852 |
|
|
|a SNK
|b KIS3GCP
|
| 999 |
|
|
|c 3032575
|d 3034505
|